Sports Quiz

Random Sports or NBA Quiz

Name These NBA Players With These Descriptions Quiz Stats

 Plays Quiz not verified by Sporcle

Also try: MLB All Star MVPs
Challenge
Share
Tweet
Embed
Score 0/20 Timer 20:00
0 Plays Today
Question Answer Wrong Answers
This person led the league in assists 5 times. He has at least 2 seasons of 50% shooting from the field, 40% shooting from 3, and 90% shooting from the free throw line. Steve Nash
82.9%
Deron Williams
3.2%
Jason Kidd
6.4%
Bob Cousy
2.7%
This person was 5th in the 2008 MVP race. He averaged 2.1 blocks in the season and didn't make a single 3 pointer. He has won defensive player of the year more than once. Dwight Howard
77%
Amar'e Stoudemire
3.7%
Tim Duncan
5.9%
Kevin Garnett
8.6%
This person was drafted with the #2 overall pick and then next year won the NBA championship. Darko Milicic
76.5%
Marvin Williams
2.1%
Jason Kidd
15.5%
Tyson Chandler
5.9%
This person led the NBA in field goal percentage 10 times in his 18 year tenure in the league. Shaquille O'neal
75.4%
Robert Horry
4.3%
Alonzo Mourning
13.9%
Amar'e Stoudemire
4.8%
This person has won rookie of the year in Sacramento. Tyreke Evans
72.7%
Brook Lopez
0.5%
Demarcus Cousins
16.6%
Darren Collison
1.1%
This person has never played a full season. He is a 3 time all-star and has been selected to 2 all-NBA teams. He's played 5 games with the Timberwolves and the rest of his career with a different western conference team. Brandon Roy
71.1%
Steve Francis
5.9%
Yao Ming
7%
Tracy McGrady
7.5%
This person won rookie of the year and is from Canada. Andrew Wiggins
70.6%
Steve Nash
14.4%
Tristan Thompson
3.2%
Drake
2.7%
This person averaged 16.3 points, 6.7 assists, 3.9 rebounds, and 1.8 steals per game in his career. He was drafted a year before Dikembe Mutombo. Gary Payton
61%
Kenny Anderson
8%
Mitch Richmond
13.4%
Latrell Sprewell
16%
This person has been to the NBA finals at least twice. He averaged exactly 25 points in his career and averaged more than 28 points per game for at least 3 years. Karl Malone
54.5%
Michael Jordan
15%
Charles Barkley
6.4%
Allen Iverson
18.7%
This person has only won 1 championship. He averaged 21.6 points per game in his first year playing in the NBA. Julius Erving
47.6%
Charles Barkley
5.9%
Dirk Nowitzki
27.8%
Bill Walton
13.4%
This person has shot 50% from the field, 40% from 3, and 90% from the free throw line at least once in his career. He played against Michael Jordan. His career points per game average is 24.3. He has made the NBA finals at least 2 times. Larry Bird
47.6%
Reggie Miller
25.7%
John Stockton
13.9%
Jeff Hornacek
5.3%
This person averaged an even 20 points in his career. He won the 3 point contest in 2010. He has only won 1 NBA championship. Paul Pierce
46%
Dirk Nowitzki
41.7%
Monta Ellis
2.1%
Chauncey Billups
9.1%
This person was paid more than 20 million dollars in the 2015 NBA season. He has played with the Suns and Celtics. Joe Johnson
40.1%
Eric Bledsoe
18.2%
Brandon Knight
19.3%
Rajon Rondo
13.4%
This person played with Dwyane Wade, Kobe Bryant and Shaquille O'neal. His highest points per game average is 10.9. He is a member of the 2006 Championship winning Miami Heat. He has won the 3 point contest. Jason Kapono
39%
Shawn Marion
11.2%
Udonis Haslem
16.6%
Jason Williams
24.6%
This person won rookie of the year, averaging 15.1 points and 10.9 rebounds. He has never been to a game 7 in a playoff series. Emeka Okafor
38%
Michael Carter-Williams
15%
Blake Griffin
31%
Pau Gasol
11.8%
This person played only 8 years in the NBA and made the playoffs just once. Steve Francis
36.9%
Tracy McGrady
11.2%
Allen Iverson
5.9%
Yao Ming
42.2%
This person has been to the playoffs 4 times. He was paid 14,283,844 dollars during the 2014 NBA season. He is a 2 time all-star. Roy Hibbert
32.6%
Luol Deng
21.9%
Tyson Chandler
11.2%
David West
24.6%
This person is the only person in the suns history to record back to back 20 rebound games. Tyson Chandler
26.2%
Charles Barkley
46%
Amar'e Stoudemire
19.8%
Larry Nance
5.3%
This person won the 3 point contest exactly twice. His highest scoring average per game is 19.6. Mark Price
19.3%
Jeff Hornacek
12.3%
Peja Stojakovic
51.9%
James Jones
8%
This person has made the playoffs all but once in his career. He is tied for the 2nd highest paid player in the 2016-2017 NBA season. Al Horford
12.3%
Mike Conley
39.6%
Lebron James
36.4%
Chris Bosh
2.7%

You're not logged in!

Compare scores with friends on all Sporcle quizzes.
OR
Log In

You Might Also Like...

Show Comments

Extras

Top Quizzes Today


Score Distribution

Your Account Isn't Verified!

In order to create a playlist on Sporcle, you need to verify the email address you used during registration. Go to your Sporcle Settings to finish the process.

Report this User

Report this user for behavior that violates our Community Guidelines.

Details: